[Event "La Pobla de Lillet op"]
[Site "La Pobla de Lillet ESP"]
[Date "2011.08.05"]
[Round "4.10"]
[White "Ayza Ballester, J.."]
[Black "Garcia Castellote, D.."]
[Result "1-0"]
[WhiteElo "2192"]
[BlackElo "2004"]
[PlyCount "91"]
[EventDate "2011.08.02"]
[EventType "swiss"]
[EventRounds "9"]
[EventCountry "ESP"]
[SourceTitle "Ajedrez en Madrid"]
[Source "lmi"]
[SourceDate "2020.06.24"]
[SourceVersion "1"]
[SourceVersionDate "2020.06.25"]
[SourceQuality "1"]

1. e4 c5 2. Nf3 Nc6 3. Nc3 e6 4. d4 cxd4 5. Nxd4 Nf6 6. Nxc6 bxc6 7. Bd3 d5 8.
Qe2 a5 9. O-O Be7 10. b3 O-O 11. Bb2 Qb6 12. exd5 cxd5 13. Na4 Qa7 14. Rad1 Ba6
15. Be5 Bxd3 16. Rxd3 Nd7 17. Bd4 Qb7 18. Rg3 Bf6 19. Nc5 Nxc5 20. Bxf6 g6 21.
Bb2 Qd7 22. Re1 Rae8 23. Re3 Rc8 24. Qd2 f6 25. Qxa5 Ne4 26. f3 Rxc2 27. Ba3
Rfc8 28. fxe4 Rxa2 29. exd5 Rcc2 30. Qa8+ Qc8 31. Qxc8+ Rxc8 32. Be7 Rcc2 33.
Rg3 Kf7 34. d6 Rd2 35. h3 h5 36. h4 f5 37. Rg5 Rab2 38. Re3 Rd4 39. Rc3 Rd1+
40. Kh2 f4 41. Rf3 Rd4 42. Re5 Ra2 43. Bg5 Rad2 44. Rxf4+ Kg7 45. Bf6+ Kh7 46.
Bg5 1-0

[Event "La Pobla de Lillet op"]
[Site "La Pobla de Lillet ESP"]
[Date "2011.08.05"]
[Round "4.14"]
[White "Travesset Barba, J.."]
[Black "Cerdans Costa, F.."]
[Result "1/2-1/2"]
[WhiteElo "2094"]
[BlackElo "1967"]
[PlyCount "77"]
[EventDate "2011.08.02"]
[EventType "swiss"]
[EventRounds "9"]
[EventCountry "ESP"]
[SourceTitle "Ajedrez en Madrid"]
[Source "lmi"]
[SourceDate "2020.06.24"]
[SourceVersion "1"]
[SourceVersionDate "2020.06.25"]
[SourceQuality "1"]

1. d4 Nf6 2. c4 e6 3. Nf3 d5 4. e3 c6 5. Nc3 Nbd7 6. Bd3 dxc4 7. Bxc4 b5 8. Bd3
Bb7 9. O-O a6 10. Qe2 c5 11. Rd1 Qc7 12. h3 Be7 13. Bd2 Rd8 14. Rac1 Qb6 15. a4
cxd4 16. a5 Qd6 17. exd4 O-O 18. Be3 Nb8 19. Ne5 Nc6 20. Be4 Nxa5 21. Bxb7 Nxb7
22. Qf3 Na5 23. g4 Nd5 24. Ne4 Qb6 25. Bd2 Nc4 26. Nxc4 bxc4 27. Rxc4 Qxb2 28.
Ba5 Rc8 29. Rxc8 Rxc8 30. Bd2 Qxd4 31. Bg5 Qe5 32. Bxe7 Nxe7 33. Nd6 Rf8 34.
Nxf7 Qf6 35. Qxf6 gxf6 36. Nd8 e5 37. Rd7 Re8 38. Nb7 Kf8 39. Rd6 1/2-1/2

[Event "La Pobla de Lillet op"]
[Site "La Pobla de Lillet ESP"]
[Date "2011.08.05"]
[Round "4.18"]
[White "Rosa Ramirez, VD.."]
[Black "Garcia Galeote, L.."]
[Result "0-1"]
[WhiteElo "1949"]
[BlackElo "2059"]
[PlyCount "90"]
[EventDate "2011.08.02"]
[EventType "swiss"]
[EventRounds "9"]
[EventCountry "ESP"]
[SourceTitle "Ajedrez en Madrid"]
[Source "lmi"]
[SourceDate "2020.06.24"]
[SourceVersion "1"]
[SourceVersionDate "2020.06.25"]
[SourceQuality "1"]

1. e4 b6 2. d4 Bb7 3. Bd3 e6 4. Ne2 g6 5. Be3 Bg7 6. Qd2 h6 7. Na3 Nf6 8. f3 d5
9. e5 Nfd7 10. Nf4 Nf8 11. Rc1 Nbd7 12. c4 c6 13. cxd5 exd5 14. e6 fxe6 15.
Nxg6 Rg8 16. O-O Qf6 17. Nxf8 Bxf8 18. Rfe1 Bd6 19. Bf2 Kf7 20. Nc2 Rg7 21. Qe2
Rag8 22. g4 h5 23. Bh4 Qh6 24. g5 Bf4 25. Bf5 Rxg5+ 26. Bxg5 Rxg5+ 27. Kh1 Rxf5
28. Rcd1 Qf6 29. Ne3 Bxe3 30. Qxe3 Rxf3 31. Qe2 Ke7 32. Rg1 c5 33. Qg2 Rf2 34.
Qg7+ Qxg7 35. Rxg7+ Kd6 36. Rh7 cxd4 37. Rxh5 Nf6 38. Rg5 Ne4 39. Rg7 Rxb2 40.
Ra1 Bc6 41. h4 Rf2 42. Kg1 Rf5 43. Kg2 d3 44. Rxa7 d2 45. Rd1 Be8 0-1

[Event "La Pobla de Lillet op"]
[Site "La Pobla de Lillet ESP"]
[Date "2011.08.06"]
[Round "5.1"]
[White "Korneev, O.."]
[Black "Peralta, F.."]
[Result "0-1"]
[WhiteElo "2588"]
[BlackElo "2601"]
[PlyCount "96"]
[EventDate "2011.08.02"]
[EventType "swiss"]
[EventRounds "9"]
[EventCountry "ESP"]
[SourceTitle "Ajedrez en Madrid"]
[Source "lmi"]
[SourceDate "2020.06.24"]
[SourceVersion "1"]
[SourceVersionDate "2020.06.25"]
[SourceQuality "1"]

1. e4 c6 2. d4 d5 3. e5 Bf5 4. Nf3 e6 5. Be2 Nd7 6. O-O Ne7 7. Nbd2 Nc8 8. Ne1
c5 9. Bd3 Bg6 10. c3 Ne7 11. Ndf3 Nc6 12. Bxg6 hxg6 13. g3 Be7 14. Nd3 c4 15.
Nf4 g5 16. Ng2 b5 17. a3 Nb6 18. Be3 Kd7 19. Nd2 Qg8 20. f4 gxf4 21. Rxf4 Qh7
22. Nf3 g5 23. Rg4 Rag8 24. h4 gxh4 25. Nfxh4 Na4 26. Rxg8 Rxg8 27. Kh2 Nxb2
28. Qe2 Na4 29. Bd2 a5 30. Rf1 Bxa3 31. Nf4 Be7 32. Nh5 b4 33. Nf6+ Bxf6 34.
Rxf6 bxc3 35. Be3 c2 36. Qf1 Ke8 37. Qa1 Nb6 38. Qa3 Qg7 39. Bh6 Qg4 40. Bf4
Qe2+ 41. Kh3 Qe1 42. Kg2 Nd7 43. Rh6 Nxd4 44. Bg5 Qb4 45. Qe3 Qb2 46. Kh3 c1=Q
47. Qxc1 Qxc1 48. Bxc1 c3 0-1

[Event "La Pobla de Lillet op"]
[Site "La Pobla de Lillet ESP"]
[Date "2011.08.06"]
[Round "5.3"]
[White "Alvarez Pedraza, A.."]
[Black "Capellades Subirana, M.."]
[Result "0-1"]
[WhiteElo "2551"]
[BlackElo "2260"]
[PlyCount "82"]
[EventDate "2011.08.02"]
[EventType "swiss"]
[EventRounds "9"]
[EventCountry "ESP"]
[SourceTitle "Ajedrez en Madrid"]
[Source "lmi"]
[SourceDate "2020.06.24"]
[SourceVersion "1"]
[SourceVersionDate "2020.06.25"]
[SourceQuality "1"]

1. e4 e5 2. Nf3 Nc6 3. Bc4 Bc5 4. b4 Bxb4 5. c3 Bd6 6. d4 Qf6 7. O-O h6 8. h3
Nge7 9. Nh2 exd4 10. Ng4 Qg6 11. cxd4 Qxe4 12. Bb2 Qf4 13. g3 Qg5 14. d5 h5 15.
Ne3 h4 16. dxc6 hxg3 17. Qg4 gxf2+ 18. Kxf2 Qxg4 19. Nxg4 f6 20. Kg2 dxc6 21.
Nd2 Bxg4 22. hxg4 Rh2+ 23. Kf3 Rxd2 24. Bc3 Rc2 25. Rac1 Rxc1 26. Rxc1 Ng6 27.
Rh1 O-O-O 28. Rh7 Bf8 29. Ke4 b5 30. Bf7 Ne5 31. Be6+ Kb7 32. g5 Nd3 33. gxf6
Nc5+ 34. Kf5 g6+ 35. Kxg6 Nxe6 36. Kf5 Nd4+ 37. Kg6 b4 38. Be1 Bd6 39. f7 Nf3
40. Bf2 Ne5+ 41. Kf5 Rf8 0-1

[Event "La Pobla de Lillet op"]
[Site "La Pobla de Lillet ESP"]
[Date "2011.08.06"]
[Round "5.4"]
[White "Panelo Muñoz, MA.."]
[Black "Movsziszian, K.."]
[Result "0-1"]
[WhiteElo "2413"]
[BlackElo "2493"]
[PlyCount "80"]
[EventDate "2011.08.02"]
[EventType "swiss"]
[EventRounds "9"]
[EventCountry "ESP"]
[SourceTitle "Ajedrez en Madrid"]
[Source "lmi"]
[SourceDate "2020.06.24"]
[SourceVersion "1"]
[SourceVersionDate "2020.06.25"]
[SourceQuality "1"]

1. d4 d6 2. c4 e5 3. d5 Be7 4. Nc3 a5 5. e4 Nd7 6. Nf3 Nc5 7. Be3 b6 8. Be2 f5
9. exf5 Bxf5 10. Bxc5 bxc5 11. Bd3 Nh6 12. Bxf5 Nxf5 13. Nd2 O-O 14. Nde4 Rb8
15. Nb5 Qd7 16. O-O Rf7 17. a4 Nd4 18. Ra3 Rf4 19. f3 Rbf8 20. Qd2 Qf5 21. Nxd4
cxd4 22. Ng3 Qg6 23. Qxa5 Rh4 24. Ne4 Qh6 25. Qxc7 Rxe4 26. Qxe7 Re2 27. a5 Qd2
28. Qe6+ Kh8 29. Qg4 Qxb2 30. Raa1 d3 31. Rab1 Qa3 32. Qf5 Ra8 33. Rfd1 d2 34.
Qg5 Qc5+ 35. Kh1 Qxa5 36. h4 Qc3 37. Rb7 e4 38. Rd7 Rg8 39. Rd8 Qf6 40. Rxg8+
Kxg8 0-1

[Event "La Pobla de Lillet op"]
[Site "La Pobla de Lillet ESP"]
[Date "2011.08.06"]
[Round "5.5"]
[White "Oms Pallisse, J.."]
[Black "Gorbatov, A.."]
[Result "1/2-1/2"]
[WhiteElo "2489"]
[BlackElo "2375"]
[PlyCount "51"]
[EventDate "2011.08.02"]
[EventType "swiss"]
[EventRounds "9"]
[EventCountry "ESP"]
[SourceTitle "Ajedrez en Madrid"]
[Source "lmi"]
[SourceDate "2020.06.24"]
[SourceVersion "1"]
[SourceVersionDate "2020.06.25"]
[SourceQuality "1"]

1. d4 d6 2. Nf3 Nf6 3. c4 Bf5 4. Nc3 h6 5. g3 Nbd7 6. Bg2 Bh7 7. O-O c6 8. d5
c5 9. Ne1 g5 10. Nd3 Bg7 11. e4 Rg8 12. f4 gxf4 13. Bxf4 Ng4 14. Kh1 Nge5 15.
Nxe5 Nxe5 16. Bh3 Qa5 17. Bxe5 Bxe5 18. Qf3 Rg7 19. Rac1 a6 20. a3 b5 21. cxb5
axb5 22. Bf5 Bxf5 23. Qxf5 b4 24. axb4 Qxb4 25. Ra1 Rd8 26. Nd1 1/2-1/2

[Event "La Pobla de Lillet op"]
[Site "La Pobla de Lillet ESP"]
[Date "2011.08.06"]
[Round "5.6"]
[White "Simon Padros, E.."]
[Black "Tejero Royo, F.."]
[Result "1/2-1/2"]
[WhiteElo "2279"]
[BlackElo "2094"]
[PlyCount "40"]
[EventDate "2011.08.02"]
[EventType "swiss"]
[EventRounds "9"]
[EventCountry "ESP"]
[SourceTitle "Ajedrez en Madrid"]
[Source "lmi"]
[SourceDate "2020.06.24"]
[SourceVersion "1"]
[SourceVersionDate "2020.06.25"]
[SourceQuality "1"]

1. e4 e5 2. Nf3 Nc6 3. Bb5 a6 4. Ba4 d6 5. c3 g6 6. O-O Bg7 7. h3 Bd7 8. d4 Nf6
9. Re1 O-O 10. Nbd2 h6 11. Bc2 Nh5 12. dxe5 dxe5 13. Nf1 Be6 14. Qe2 Qe7 15.
Be3 Rad8 16. N1d2 Nf4 17. Qf1 Qd7 18. Bxf4 exf4 19. Nb3 Qe7 20. Rad1 Ne5
1/2-1/2

[Event "La Pobla de Lillet op"]
[Site "La Pobla de Lillet ESP"]
[Date "2011.08.06"]
[Round "5.7"]
[White "Villuendas Valero, A.."]
[Black "Lopez de Turiso, JA.."]
[Result "1-0"]
[WhiteElo "2254"]
[BlackElo "2091"]
[PlyCount "55"]
[EventDate "2011.08.02"]
[EventType "swiss"]
[EventRounds "9"]
[EventCountry "ESP"]
[SourceTitle "Ajedrez en Madrid"]
[Source "lmi"]
[SourceDate "2020.06.24"]
[SourceVersion "1"]
[SourceVersionDate "2020.06.25"]
[SourceQuality "1"]

1. d4 f5 2. Bg5 g6 3. Nd2 Bg7 4. e4 fxe4 5. Nxe4 d5 6. Nc5 b6 7. Nb3 Qd6 8. Nf3
Nd7 9. Be2 e5 10. dxe5 Nxe5 11. O-O c5 12. Re1 Kf8 13. Qd2 Bb7 14. Bf4 Nxf3+
15. Bxf3 Qd7 16. Rad1 Nf6 17. Be5 Rd8 18. Qf4 Qf5 19. Qxf5 gxf5 20. c4 Kf7 21.
cxd5 Nxd5 22. Bh5+ Kf8 23. Bc7 Rc8 24. Bd6+ Kg8 25. Bf3 c4 26. Nd4 Rd8 27. Nxf5
Bxb2 28. Rxd5 1-0

[Event "La Pobla de Lillet op"]
[Site "La Pobla de Lillet ESP"]
[Date "2011.08.06"]
[Round "5.8"]
[White "Garcia Galeote, L.."]
[Black "Pascual Genoves, M.."]
[Result "1-0"]
[WhiteElo "2059"]
[BlackElo "2220"]
[PlyCount "87"]
[EventDate "2011.08.02"]
[EventType "swiss"]
[EventRounds "9"]
[EventCountry "ESP"]
[SourceTitle "Ajedrez en Madrid"]
[Source "lmi"]
[SourceDate "2020.06.24"]
[SourceVersion "1"]
[SourceVersionDate "2020.06.25"]
[SourceQuality "1"]

1. d4 d6 2. c4 e5 3. Nc3 exd4 4. Qxd4 Nc6 5. Qd2 Nf6 6. g3 Be6 7. Nd5 g6 8. Bg2
Bg7 9. e4 O-O 10. Rb1 Re8 11. f3 Ne5 12. b3 b5 13. Nxf6+ Bxf6 14. f4 Nd7 15.
cxb5 Bf5 16. Ne2 Bxe4 17. Bxe4 Rxe4 18. O-O Nc5 19. Bb2 Bxb2 20. Qxb2 Re8 21.
Nc3 Nd7 22. Nd5 Rc8 23. Rbc1 a6 24. a4 axb5 25. axb5 Re6 26. Rfe1 Qe8 27. Qd2
Qf8 28. Rxc7 Rxc7 29. Nxc7 Rxe1+ 30. Qxe1 d5 31. Qe8 Qxe8 32. Nxe8 Kf8 33. Nc7
Nb6 34. Kf2 Ke7 35. Ke3 Kd6 36. Na6 f6 37. Kd4 g5 38. f5 Nd7 39. Nb4 Nc5 40.
Nxd5 Nxb3+ 41. Kc3 Nc5 42. Nxf6 Ke5 43. Nxh7 Kxf5 44. Nxg5 1-0

[Event "La Pobla de Lillet op"]
[Site "La Pobla de Lillet ESP"]
[Date "2011.08.06"]
[Round "5.9"]
[White "Gonzalez Aguirre, L.."]
[Black "Valiente Roy, JJ.."]
[Result "1-0"]
[WhiteElo "2207"]
[BlackElo "2090"]
[PlyCount "55"]
[EventDate "2011.08.02"]
[EventType "swiss"]
[EventRounds "9"]
[EventCountry "ESP"]
[SourceTitle "Ajedrez en Madrid"]
[Source "lmi"]
[SourceDate "2020.06.24"]
[SourceVersion "1"]
[SourceVersionDate "2020.06.25"]
[SourceQuality "1"]

1. c4 e6 2. g3 Nf6 3. Bg2 d5 4. Nf3 d4 5. O-O Nc6 6. d3 Bc5 7. e3 O-O 8. exd4
Nxd4 9. Nxd4 Bxd4 10. Nd2 Rb8 11. Nf3 b6 12. Nxd4 Qxd4 13. Qc2 Rd8 14. Rd1 c5
15. Be3 Qg4 16. d4 cxd4 17. Bxd4 Ba6 18. h3 Qh5 19. Qa4 e5 20. Bc3 Rxd1+ 21.
Rxd1 Qe2 22. Bf1 Qf3 23. Rd3 Qb7 24. Bxe5 b5 25. Qd1 Re8 26. Bxf6 gxf6 27. Qg4+
Kh8 28. Rd7 1-0

[Event "La Pobla de Lillet op"]
[Site "La Pobla de Lillet ESP"]
[Date "2011.08.06"]
[Round "5.10"]
[White "Moya Arau, C.."]
[Black "Ayza Ballester, J.."]
[Result "0-1"]
[WhiteElo "2053"]
[BlackElo "2192"]
[PlyCount "92"]
[EventDate "2011.08.02"]
[EventType "swiss"]
[EventRounds "9"]
[EventCountry "ESP"]
[SourceTitle "Ajedrez en Madrid"]
[Source "lmi"]
[SourceDate "2020.06.24"]
[SourceVersion "1"]
[SourceVersionDate "2020.06.25"]
[SourceQuality "1"]

1. e4 c5 2. Nc3 Nc6 3. f4 g6 4. Nf3 Bg7 5. Bc4 e6 6. O-O Nge7 7. Qe1 O-O 8. d3
d5 9. Bb3 Na5 10. Qh4 Nxb3 11. axb3 Nc6 12. Qxd8 Rxd8 13. e5 b6 14. g4 f6 15.
exf6 Bxf6 16. h3 Rf8 17. Bd2 Bd7 18. Rae1 Rac8 19. Ne5 Bxe5 20. fxe5 Nd4 21.
Ne2 Nf3+ 22. Rxf3 Rxf3 23. Bg5 Rcf8 24. Bf6 R8xf6 25. exf6 Rxf6 26. Ra1 a5 27.
Ng3 Kf7 28. Re1 Ke7 29. Re2 Kd6 30. Kg2 Bc6 31. h4 Rf4 32. Kh3 e5 33. h5 Bd7
34. hxg6 Bxg4+ 35. Kg2 Bxe2 36. gxh7 Rf8 37. Nxe2 Rh8 38. Ng3 Rxh7 39. Nf5+ Ke6
40. Ne3 Rf7 41. Kg3 b5 42. Kg2 a4 43. bxa4 bxa4 44. Nd1 Rb7 45. Kf3 Kd6 46. Ke3
Rxb2 0-1

[Event "La Pobla de Lillet op"]
[Site "La Pobla de Lillet ESP"]
[Date "2011.08.06"]
[Round "5.13"]
[White "Sanchez Urpi, O.."]
[Black "Travesset Barba, J.."]
[Result "1-0"]
[WhiteElo "1952"]
[BlackElo "2094"]
[PlyCount "78"]
[EventDate "2011.08.02"]
[EventType "swiss"]
[EventRounds "9"]
[EventCountry "ESP"]
[SourceTitle "Ajedrez en Madrid"]
[Source "lmi"]
[SourceDate "2020.06.24"]
[SourceVersion "1"]
[SourceVersionDate "2020.06.25"]
[SourceQuality "1"]

1. e4 d5 2. Nc3 d4 3. Nce2 e5 4. d3 Nc6 5. h3 Bc5 6. f4 exf4 7. Bxf4 Be6 8. Nf3
h6 9. a3 a5 10. Qd2 Qd7 11. Bg3 g5 12. h4 g4 13. Ne5 Nxe5 14. Bxe5 f6 15. Bg3
Bd6 16. Bxd6 Qxd6 17. g3 Ne7 18. Bg2 Nc6 19. O-O Bd7 20. Qf4 Ne5 21. Qxf6 Qxf6
22. Rxf6 Ke7 23. Rf2 c5 24. Nf4 Raf8 25. Nd5+ Kd6 26. Raf1 Rxf2 27. Rxf2 Bc6
28. Rf6+ Kd7 29. Kf2 Rh7 30. Rf5 Rf7 31. Rxf7+ Nxf7 32. Nf6+ Ke6 33. Nxg4 h5
34. Nh2 Ne5 35. Bh3+ Kf6 36. g4 c4 37. g5+ Ke7 38. Bf1 b5 39. Nf3 c3 1-0

[Event "La Pobla de Lillet op"]
[Site "La Pobla de Lillet ESP"]
[Date "2011.08.07"]
[Round "6.1"]
[White "Movsziszian, K.."]
[Black "Peralta, F.."]
[Result "0-1"]
[WhiteElo "2493"]
[BlackElo "2601"]
[PlyCount "142"]
[EventDate "2011.08.02"]
[EventType "swiss"]
[EventRounds "9"]
[EventCountry "ESP"]
[SourceTitle "Ajedrez en Madrid"]
[Source "lmi"]
[SourceDate "2020.06.24"]
[SourceVersion "1"]
[SourceVersionDate "2020.06.25"]
[SourceQuality "1"]

1. g3 d5 2. Bg2 Nf6 3. Nf3 Bf5 4. d3 e6 5. O-O Be7 6. Nbd2 O-O 7. c4 c6 8. b3
Nbd7 9. Bb2 h6 10. a3 a5 11. Rc1 Re8 12. Rc2 Bh7 13. Qa1 Bd6 14. Ne5 Nxe5 15.
Bxe5 Bf8 16. Nf3 Nd7 17. Bb2 Qb6 18. Nd2 Bg6 19. h3 f6 20. Rcc1 Bf7 21. d4 f5
22. Bc3 Bh5 23. Rfe1 Nf6 24. c5 Qc7 25. Qb2 b6 26. cxb6 Qxb6 27. e3 Ne4 28.
Nxe4 fxe4 29. b4 Reb8 30. Rc2 axb4 31. Bxb4 Be8 32. Rb1 Bxb4 33. axb4 Ra4 34.
Bf1 Rxb4 35. Qxb4 Qxb4 36. Rxb4 Rxb4 37. Ra2 Kf7 38. Ra8 Ke7 39. Be2 Rb7 40.
Kg2 Rc7 41. f4 exf3+ 42. Kxf3 c5 43. dxc5 Rxc5 44. Kf4 Rc2 45. Ba6 Rf2+ 46. Ke5
Rf5+ 47. Kd4 Rf3 48. Bc8 Bf7 49. g4 Rxh3 50. e4 dxe4 51. Ke5 e3 52. Ra7+ Kf8
53. Ra2 g5 54. Ba6 Kg7 55. Be2 Rh2 56. Ke4 Kf6 57. Kxe3 h5 58. Ra1 h4 59. Rf1+
Ke7 60. Ra1 Be8 61. Bf3 Rb2 62. Ra5 Kf6 63. Rc5 Rb3+ 64. Kf2 Rb2+ 65. Ke3 Rb3+
66. Kf2 Bg6 67. Ra5 Rc3 68. Ra6 Rc2+ 69. Ke3 Rc5 70. Ra2 Rc3+ 71. Kf2 Rc2+ 0-1

[Event "La Pobla de Lillet op"]
[Site "La Pobla de Lillet ESP"]
[Date "2011.08.07"]
[Round "6.2"]
[White "Capellades Subirana, M.."]
[Black "Velicka, P.."]
[Result "0-1"]
[WhiteElo "2260"]
[BlackElo "2461"]
[PlyCount "84"]
[EventDate "2011.08.02"]
[EventType "swiss"]
[EventRounds "9"]
[EventCountry "ESP"]
[SourceTitle "Ajedrez en Madrid"]
[Source "lmi"]
[SourceDate "2020.06.24"]
[SourceVersion "1"]
[SourceVersionDate "2020.06.25"]
[SourceQuality "1"]

1. e4 Nf6 2. Nc3 e5 3. Nf3 Bb4 4. Nxe5 O-O 5. Bc4 Qe7 6. Nf3 Bxc3 7. dxc3 Qxe4+
8. Qe2 d5 9. Qxe4 dxe4 10. Ne5 Nbd7 11. Bf4 Nb6 12. Bxf7+ Rxf7 13. Nxf7 Kxf7
14. Bxc7 Nbd5 15. Bg3 Bg4 16. h3 Bh5 17. Be5 Re8 18. Bxf6 Nxf6 19. g4 Bg6 20.
O-O-O Re7 21. Rd4 h5 22. Rg1 Kg8 23. Rg3 hxg4 24. hxg4 Be8 25. g5 Nh7 26. Rd8
g6 27. Rg4 Kg7 28. Rd4 Bc6 29. b4 Re5 30. a4 Nxg5 31. b5 Bd5 32. c4 Be6 33.
Rxg5 Rxg5 34. Rxe4 Kf6 35. Kd2 Rg4 36. Rxg4 Bxg4 37. c5 Ke5 38. b6 axb6 39.
cxb6 Kd4 40. a5 Bc8 41. Ke2 Kc4 42. Ke3 Kb5 0-1

[Event "La Pobla de Lillet op"]
[Site "La Pobla de Lillet ESP"]
[Date "2011.08.07"]
[Round "6.3"]
[White "Ipatov, A.."]
[Black "Garcia Galeote, L.."]
[Result "1-0"]
[WhiteElo "2562"]
[BlackElo "2059"]
[PlyCount "55"]
[EventDate "2011.08.02"]
[EventType "swiss"]
[EventRounds "9"]
[EventCountry "ESP"]
[SourceTitle "Ajedrez en Madrid"]
[Source "lmi"]
[SourceDate "2020.06.24"]
[SourceVersion "1"]
[SourceVersionDate "2020.06.25"]
[SourceQuality "1"]

1. d4 d5 2. c4 Bf5 3. Nc3 e6 4. Nf3 c6 5. e3 Nf6 6. Nh4 Bg6 7. Be2 Bd6 8. Qb3
Qc7 9. Bd2 Ne4 10. Nxg6 Nxd2 11. Kxd2 hxg6 12. Rac1 Qd7 13. h4 dxc4 14. Qxc4
Na6 15. Qb3 Nb4 16. g3 Rd8 17. Rcd1 Nd5 18. Ne4 Ke7 19. Kc1 Qc7 20. Kb1 Qb6 21.
Qc2 f5 22. Ng5 Bxg3 23. fxg3 Nxe3 24. Qc3 Nxd1 25. Rxd1 Rhg8 26. Bc4 Rd6 27.
Nxe6 Rxe6 28. Bxe6 1-0

[Event "La Pobla de Lillet op"]
[Site "La Pobla de Lillet ESP"]
[Date "2011.08.07"]
[Round "6.4"]
[White "Gorbatov, A.."]
[Black "Sanchez Urpi, O.."]
[Result "1-0"]
[WhiteElo "2375"]
[BlackElo "1952"]
[PlyCount "77"]
[EventDate "2011.08.02"]
[EventType "swiss"]
[EventRounds "9"]
[EventCountry "ESP"]
[SourceTitle "Ajedrez en Madrid"]
[Source "lmi"]
[SourceDate "2020.06.24"]
[SourceVersion "1"]
[SourceVersionDate "2020.06.25"]
[SourceQuality "1"]

1. e4 c5 2. Nf3 d6 3. Bb5+ Bd7 4. a4 Nc6 5. O-O g6 6. c3 Bg7 7. d4 cxd4 8. cxd4
Nf6 9. Nc3 O-O 10. h3 a6 11. Bc4 Rc8 12. Qe2 Qc7 13. Ba2 Nb4 14. Bb3 e6 15. Bg5
h6 16. Be3 Kh7 17. Rfc1 Qb8 18. a5 b5 19. axb6 Qxb6 20. d5 Qb7 21. dxe6 Bxe6
22. Bxe6 fxe6 23. e5 dxe5 24. Nxe5 Nfd5 25. Nxd5 Qxd5 26. Nf3 e5 27. Rd1 Qc4
28. Qxc4 Rxc4 29. Rd7 Kg8 30. Nd2 Rc2 31. b3 Rf7 32. Rd6 Rb7 33. Rxg6 Kf7 34.
Rd6 h5 35. Rd1 a5 36. Ne4 Rb2 37. Ng5+ Ke8 38. Bc5 Re7 39. Rd8# 1-0

[Event "La Pobla de Lillet op"]
[Site "La Pobla de Lillet ESP"]
[Date "2011.08.07"]
[Round "6.5"]
[White "Ayza Ballester, J.."]
[Black "Villuendas Valero, A.."]
[Result "1/2-1/2"]
[WhiteElo "2192"]
[BlackElo "2207"]
[PlyCount "129"]
[EventDate "2011.08.02"]
[EventType "swiss"]
[EventRounds "9"]
[EventCountry "ESP"]
[SourceTitle "Ajedrez en Madrid"]
[Source "lmi"]
[SourceDate "2020.06.24"]
[SourceVersion "1"]
[SourceVersionDate "2020.06.25"]
[SourceQuality "1"]

1. e4 c5 2. Nf3 g6 3. c4 Nc6 4. d4 cxd4 5. Nxd4 Nf6 6. Nc3 d6 7. Be2 Bg7 8. Be3
Nxd4 9. Bxd4 O-O 10. O-O Be6 11. Rc1 Qa5 12. b3 Rfc8 13. Qd3 Nd7 14. Bxg7 Kxg7
15. f4 f6 16. Kh1 a6 17. Nd5 Qd8 18. Qd1 Nc5 19. Qd4 Nd7 20. b4 a5 21. a3 axb4
22. axb4 Ra2 23. Bf3 Rca8 24. Rfd1 R2a4 25. Rb1 Rc8 26. h3 Rca8 27. Nc3 Ra3 28.
Nd5 R3a4 29. Rdc1 Rc8 30. Ra1 Rca8 31. Rxa4 Rxa4 32. Bd1 Ra8 33. Bb3 Bf7 34.
Qd1 Rc8 35. Ra1 Nb6 36. Qd4 Nxd5 37. exd5 Ra8 38. Re1 b6 39. Ra1 Rxa1+ 40. Qxa1
Qb8 41. Qa6 Be8 42. Bd1 Bd7 43. Bf3 Kf7 44. Qa1 Qc7 45. Qd4 Qa7 46. Kh2 Qc7 47.
h4 Qa7 48. h5 Qb8 49. Kg3 Qa7 50. Kf2 Qb8 51. Be4 Be8 52. Qd3 Kg7 53. Qg3 Qc8
54. Bd3 Bf7 55. Qe3 Qd8 56. Qh3 Qc7 57. Qg4 Qd8 58. hxg6 hxg6 59. Bxg6 Bxg6 60.
f5 Qh8 61. Kg3 Qh5 62. fxg6 Qxg4+ 63. Kxg4 Kxg6 64. Kf4 f5 65. g4 1/2-1/2

[Event "La Pobla de Lillet op"]
[Site "La Pobla de Lillet ESP"]
[Date "2011.08.07"]
[Round "6.6"]
[White "Jover Font, P.."]
[Black "Gonzalez Aguirre, L.."]
[Result "1-0"]
[WhiteElo "1712"]
[BlackElo "2207"]
[PlyCount "51"]
[EventDate "2011.08.02"]
[EventType "swiss"]
[EventRounds "9"]
[EventCountry "ESP"]
[SourceTitle "Ajedrez en Madrid"]
[Source "lmi"]
[SourceDate "2020.06.24"]
[SourceVersion "1"]
[SourceVersionDate "2020.06.25"]
[SourceQuality "1"]

1. e4 c6 2. d4 d5 3. e5 Bf5 4. h4 h5 5. Ne2 e6 6. Ng3 Bg6 7. Nd2 Ne7 8. Nf3 Nf5
9. Nxf5 Bxf5 10. Be2 Bg4 11. Ng5 Bxe2 12. Qxe2 Be7 13. O-O Nd7 14. f4 g6 15.
Bd2 Qb6 16. Qd3 Nf8 17. b4 Nh7 18. a4 Nxg5 19. fxg5 O-O 20. g4 hxg4 21. h5 gxh5
22. Rf6 Kg7 23. Raf1 Bxb4 24. g6 Bxd2 25. gxf7 Rh8 26. f8=Q+ 1-0

[Event "La Pobla de Lillet op"]
[Site "La Pobla de Lillet ESP"]
[Date "2011.08.07"]
[Round "6.7"]
[White "Simon Padros, E.."]
[Black "Korneev, O.."]
[Result "1/2-1/2"]
[WhiteElo "2279"]
[BlackElo "2588"]
[PlyCount "82"]
[EventDate "2011.08.02"]
[EventType "swiss"]
[EventRounds "9"]
[EventCountry "ESP"]
[SourceTitle "Ajedrez en Madrid"]
[Source "lmi"]
[SourceDate "2020.06.24"]
[SourceVersion "1"]
[SourceVersionDate "2020.06.25"]
[SourceQuality "1"]

1. e4 c5 2. c3 Nf6 3. e5 Nd5 4. Nf3 e6 5. d4 cxd4 6. cxd4 d6 7. Bc4 Nb6 8. Bd3
dxe5 9. Nxe5 Nc6 10. Nxc6 bxc6 11. Be4 Nd5 12. O-O Bd6 13. Qc2 Bb7 14. Re1 Rc8
15. Nc3 Qc7 16. h3 h6 17. Na4 O-O 18. Bd2 Be7 19. Rac1 Rfd8 20. Nc5 Bf6 21. Qa4
Ba8 22. Nb3 Nb6 23. Qb4 Qb7 24. Be3 Qa6 25. Bb1 Nd5 26. Qc5 h5 27. Qc2 g6 28.
Nc5 Qb5 29. a4 Qb4 30. Nxe6 Re8 31. Nc5 Bxd4 32. Nd3 Nxe3 33. Rxe3 Qb7 34. Rg3
c5 35. Nf4 Qxb2 36. Rxg6+ Kf8 37. Rh6 Qxc2 38. Bxc2 Bc3 39. Nxh5 c4 40. Bf5 Bb2
41. Rc2 Rb8 1/2-1/2

[Event "La Pobla de Lillet op"]
[Site "La Pobla de Lillet ESP"]
[Date "2011.08.07"]
[Round "6.8"]
[White "Balague Camps, M.."]
[Black "Alvarez Pedraza, A.."]
[Result "0-1"]
[WhiteElo "2119"]
[BlackElo "2551"]
[PlyCount "74"]
[EventDate "2011.08.02"]
[EventType "swiss"]
[EventRounds "9"]
[EventCountry "ESP"]
[SourceTitle "Ajedrez en Madrid"]
[Source "lmi"]
[SourceDate "2020.06.24"]
[SourceVersion "1"]
[SourceVersionDate "2020.06.25"]
[SourceQuality "1"]

1. Nf3 Nf6 2. c4 e6 3. e3 b6 4. Be2 Bb7 5. O-O g6 6. b3 Bg7 7. Bb2 O-O 8. Nc3
d6 9. Qc2 Nbd7 10. Rad1 a6 11. d4 Qe7 12. Rfe1 h6 13. h3 Nh7 14. Nd2 Ng5 15.
Nce4 Nxe4 16. Nxe4 f5 17. Nd2 e5 18. dxe5 Nxe5 19. e4 fxe4 20. Nxe4 Qh4 21. Ng3
Rxf2 22. Kxf2 Rf8+ 23. Kg1 Qxg3 24. Bg4 Nd3 25. Re2 Nxb2 26. Qxg6 Kh8 27. Rdd2
Bxg2 28. Bf5 Qxg6 29. Bxg6 Bxh3 30. Kh2 Bf5 31. Bxf5 Rxf5 32. Rxb2 Bxb2 33.
Rxb2 Kg7 34. Kg3 Kf6 35. Kg4 h5+ 36. Kh4 Ke5 37. Re2+ Kd4 0-1